000 01026nam a2200277 4500
001 44753
010 _a9789896896591
021 _aPT
_b543183/25
090 _a44753
100 _a20250617d2025 m y0pory50030103ba
102 _aPT
200 1 _aOperação "viragem histórica" - 25 de abril 1974
_fcoord. Carlos de Almada Contreiras
_gpref. Otelo Saraiva de Carvalho
_gposf. Vasco Lourenço
_gcontributos especiais Marcelo Rebelo de Sousa, Maria Inácia Rezola, Vasco Lourenço
205 _a3. ª ed.
210 9 _aLisboa
_cColibri,
_d2025
215 _a790, [3] p.
_d23 cm
675 _a929A/Z(=1:469)"19/20"
_vBN
_zpor
675 _a355.43(469)"1974"
_vBN
_zpor
675 _a323.2(469)"1974"
_vBN
_zpor
675 _a821.134.3-94"19/20"
_vBN
_zpor
702 1 _aContreiras,
_bCarlos de Almada,
_f1941-2024
702 1 _aCarvalho,
_bOtelo Saraiva de,
_f1936-2021
702 1 _aLouren—co,
_bVasco,
_f1942-
702 1 _aSousa,
_bMarcelo Rebelo de,
_f1948-
702 1 _aRezola,
_bMaria Inácia,
_f1967-
801 0 _aPT
_bBN
_gRPC
990 _cLIVROS